000 00532nam a2200181 i 4500
001 61368
003 ES-MaACL
005 20230906164437.0
007 t|
008 031111s1968 sp ||||1| cat d
100 1 _aEvely, Louis.
_948385
245 1 0 _aEspiritualitat dels laics /
_cLouis Evely ; [traductor catalá, Joan Fortuny i Escoda].
250 _a[1ª ed.].
260 _a[Barcelona] :
_bAriel,
_c[1968]
300 _a217 p. ;
_c19 cm.
700 1 _aFortuny i Escoda, Joan.
_951884
852 _aES-MaACL
_jC-50305
_bR.67988
999 _c61368
_d61368